000 01290nam a2200361 i 4500
001 000047543
003 DO-SdBNP
005 20250210090225.0
007 ta
008 180626e2017 dr a er 001 j spa d
020 _a9789945582444 (v. 233)
020 _a9789945443622 (serie)
040 _aDO-SdBNP
_bspa
_cBNPHU
_erda
041 _aspa
082 4 _aRD863.5
_bR789e
_222
100 1 _aRosario, Fari
_943397
_d1981-
_eautor
_4aut.
245 1 4 _aLos espejos asesinos y otras minificciones /
_cFari Rosario.
264 4 _aSanto Domingo :
_bBanco Central de la República Dominicana,
_c©2017.
300 _a164 páginas :
_bilustraciones ;
_c24 cm.
336 _atexto
_btxt
_2rdacontent
337 _asin mediación
_bn
_2rdamedia
338 _avolumen
_bnc
_2rdacarrier
490 1 _aColección Banco Central de la República Dominicana ;
_v233
490 1 _aArte y literatura ;
_v81
500 _aIncluye datos biográficos del autor en las solapas de las cubiertas
590 _aInventariado, 2018 / DG
650 0 _aLiteratura dominicana.
_967
650 4 _97308
_aCuentos dominicanos
830 0 _aColección Banco Central de la República Dominicana ;
_n233
_986951
830 0 _aArte y literatura ;
_n81
_975159
910 _aMFeliz/Validado, 2023/MFF
942 _2ddc
_cLBS1
999 _c47031
_d47031